Wartime Health and Education : White Collar and Fixed Income Groups in the War Economy. Report.

Bibliographic Details
Corporate Authors: United States. Congress. Senate. Committee on Education and Labor. Subcommittee on Wartime Health and Education, ProQuest (Firm)
Format: Government Document eBook
Language:English
Published: [Place of publication not identified] : [publisher not identified], 1944.
Series:U.S. Congressional Research.
Subjects:
Online Access:Connect to the full text of this electronic book

MARC

Tag First Indicator Second Indicator Subfields
LEADER 00000cam a22000001a 4500
001 in00003304921
006 m d f
007 cr bn mmmapmmp
008 100505s1944 dcu o f000 0 eng d
005 20260430152010.2
035 |a cis2007830838 
040 |a LexisNexis  |c LexisNexis  |d UtOrBLW 
043 |a n-us--- 
086 0 |a Y 4.Ed 8/3:W 26/2/no.1 
099 |a CMP-1944-EDS-0001 
110 1 |a United States.  |b Congress.  |b Senate.  |b Committee on Education and Labor.  |b Subcommittee on Wartime Health and Education. 
245 1 0 |a Wartime Health and Education :  |b White Collar and Fixed Income Groups in the War Economy. Report. 
264 1 |a [Place of publication not identified] :  |b [publisher not identified],  |c 1944. 
300 |a 1 online resource. 
336 |a text  |b txt  |2 rdacontent 
337 |a computer  |b c  |2 rdamedia 
338 |a online resource  |b cr  |2 rdacarrier 
500 |a Record is based on bibliographic data in LexisNexis U.S. Congressional Research Digital Collection (last viewed May 2010). Reuse except for individual research requires license from LexisNexis. 
500 |a Print. 
500 |a Electronic resource. 
650 0 |a Cost and standard of living. 
650 0 |a War, Cost of. 
650 0 |a Income. 
655 7 |a Electronic books.  |2 local 
710 2 |a ProQuest (Firm) 
776 0 8 |i Microfiche version:   |a United States. Congress. Senate. Committee on Education and Labor. Subcommittee on Wartime Health and Education.   |t Wartime Health and Education: White Collar and Fixed Income Groups in the War Economy. Report.  |o S1853 
830 0 |a U.S. Congressional Research. 
856 4 0 |u http://proxy.library.tamu.edu/login?url=https://congressional.proquest.com/congcomp/getdoc?CRDC-ID=CMP-1944-EDS-0001  |z Connect to the full text of this electronic book  |t 0 
999 |a MARS 
999 f f |s b02cab28-c068-3f69-946d-6354b107c640  |i 50cf94fc-615b-30c3-acf8-2953f181461c  |t 0 
952 f f |a Texas A&M University  |b College Station  |c Electronic Resources  |s www_evans  |d Available Online  |t 0  |e CMP-1944-EDS-0001  |h Other scheme 
998 f f |a CMP-1944-EDS-0001  |t 0  |l Available Online